000 00466cam a2200193ua 4500
020 _c1.25
041 _amal
_h
082 _a894.8122
_bSOP/AN
100 _aSophocles, .
245 _aAntigony /
_cSophocles.
_hTextual Documents
260 _aKottayam :
_bSahitya Pravarthaka Co-operative Society ,
_c1958.
300 _a95 ; .
365 _a1.25
504 _a
942 _cBK
999 _c1145
_d1145